00821cam a22002533a 450000100060000000300060000600500170001200800410002904000150007004200070008505000070009210000390009924501000013826000290023850600300026751600200029765300210031765300160033865300510035465300680040565300230047383000290049685600420052534916PGUSA20140828083743.0110111s2011||||xxu|||||s|||||000 1 eng d aPGUSAbeng adc 4aPS1 aCooper, James Fenimore,d1789-185114aThe Chainbearer; Or, The Littlepage Manuscriptsh[electronic resource] /cJames Fenimore Cooper bProject Gutenberg,c2011 aPublic domain in the USA. aElectronic text aDomestic fiction aWar stories aHudson River Valley (N.Y. and N.J.) -- Fiction aNew York (State) -- History -- Revolution, 1775-1783 -- Fiction aHistorical fiction 0aProject Gutenbergv3491640uhttp://www.gutenberg.org/ebooks/34916